000 01384nam a2200337 a 4500
001 ebr10392324
003 CaPaEBR
006 m u
007 cr cn|||||||||
008 100629s1956 mdu sb 000 0aeng d
010 _z 64019948
020 _z9780813200323
020 _z9780813211329 (e-book)
040 _aCaPaEBR
_cCaPaEBR
035 _a(OCoLC)649909816
041 1 _aeng
_hlat
050 1 4 _aBR65.A78
_bE5 1956eb
100 0 _aAugustine,
_cSaint, Bishop of Hippo.
245 1 0 _aLetters.
_nVolume V,
_p(204-270)
_h[electronic resource] /
_cSaint Augustine ; translated by Sister Wilfrid Parsons.
260 _aBaltimore, Md. :
_bCatholic University of America Press,
_c1956.
300 _axvi, 317 p.
490 1 _aThe fathers of the church : a new translation ;
_vv. 32
504 _aIncludes bibliographical references.
533 _aElectronic reproduction.
_bPalo Alto, Calif. :
_cebrary,
_d2013.
_nAvailable via World Wide Web.
_nAccess may be limited to ebrary affiliated libraries.
600 0 0 _aAugustine,
_cSaint, Bishop of Hippo.
_tCorrespondence.
655 7 _aElectronic books.
_2local
700 1 _aParsons, Wilfrid,
_d1887-1958.
710 2 _aebrary, Inc.
830 0 _aFathers of the church ;
_vv. 32.
856 4 0 _uhttp://site.ebrary.com/lib/rucke/Doc?id=10392324
_zAn electronic book accessible through the World Wide Web; click to view
999 _c196265
_d196265